书目信息 |
| 题名: |
心经疾病的自然疗法
|
|
| 作者: | 张德记 著 | |
| 分册: | ||
| 出版信息: | 北京 中医古籍出版社 2017 |
|
| 页数: | 207页 | |
| 开本: | 24cm | |
| 丛书名: | 金口诀自然医学系列丛书 | |
| 单 册: | ||
| 中图分类: | R224.1 | |
| 科图分类: | ||
| 主题词: | 手少阴心经--shou shao yin xin jing--疾病--自然疗法 | |
| 电子资源: | ||
| ISBN: | 978-7-5152-1280-7 | |
| 000 | 01077nam 2200277 450 | |
| 001 | 012001000609 | |
| 005 | 20131106134002.0 | |
| 010 | @a978-7-5152-1280-7@dCNY38.00 | |
| 099 | @aCAL 012017131930 | |
| 100 | @a20170821d2017 em y0chiy50 ea | |
| 101 | 0 | @achi |
| 102 | @aCN@b110000 | |
| 105 | @aa z 000yy | |
| 106 | @ar | |
| 200 | 1 | @a心经疾病的自然疗法@Axin jing ji bing de zi ran liao fa@f张德记著 |
| 210 | @a北京@c中医古籍出版社@d2017 | |
| 215 | @a207页@c图@d24cm | |
| 225 | 2 | @a金口诀自然医学系列丛书@Ajin kou jue zi ran yi xue xi lie cong shu |
| 314 | @a张德记, 曾任中国人民解放军军事统筹学会谋略研究中心主任研究员。 | |
| 330 | @a本书共分为九章, 其主要内容包括: 借自然医学分析研究心脏病 ; 借自然医学立体运动补泻与防治心脏病 ; 借自然医学心理补泻与防治心脏病 ; 借自然医学五音疗法被泻与防治心脏病等。 | |
| 410 | 0 | @12001 @a金口诀自然医学系列丛书 |
| 606 | 0 | @a手少阴心经@Ashou shao yin xin jing@x疾病@x自然疗法 |
| 690 | @aR224.1@v5 | |
| 701 | 0 | @a张德记@Azhang de ji@f1959-@4著 |
| 801 | 0 | @aCN@b北京卓展文化@c20191020 |
| 905 | @b1196480-3@dR224.1@e486@f4 | |
| 心经疾病的自然疗法/张德记著.-北京:中医古籍出版社,2017 |
| 207页:图;24cm.-(金口诀自然医学系列丛书) |
| ISBN 978-7-5152-1280-7:CNY38.00 |
| 本书共分为九章, 其主要内容包括: 借自然医学分析研究心脏病 ; 借自然医学立体运动补泻与防治心脏病 ; 借自然医学心理补泻与防治心脏病 ; 借自然医学五音疗法被泻与防治心脏病等。 |
| ● |
| 相关链接 |
|
|
|
|
正题名:心经疾病的自然疗法
索取号:R224.1/486
 
预约/预借
| 序号 | 登录号 | 条形码 | 馆藏地/架位号 | 状态 | 备注 |
| 1 | 1196480 | 211964800 | 第二样本阅览室/ [索取号:R224.1/486] | 在馆 | |
| 2 | 1196481 | 211964819 | 第三借阅区/ [索取号:R224.1/486] | 在馆 | |
| 3 | 1196482 | 211964828 | 第三借阅区/ [索取号:R224.1/486] | 在馆 | |
| 4 | 1196483 | 211964837 | 第三借阅区/ [索取号:R224.1/486] | 在馆 |